000 01186nam0a22002891 4500
001 rc\2594756
005 20230421113354.0
035 _a(NLR Aleph) 006758939
090 _a5823578
_c5823578
100 _a20110914d1929 |||y0rusy50 ca
101 0 _arus
102 _aRU
105 _aa z |||||
200 1 _aТаблицы для вычисления прямоугольных координат
_fФ. Гаусс
_gРедакция и объяснительный текст проф. А. С. Чеботарева
205 _a5-е изд.
210 _aМосква
_aЛенинград
_cГос. изд-во
_d1929
_eМосква
_g1-я Образцовая тип.
215 _aIV, 203 с.
_cчерт., граф.
_d27х18 см.
300 _aВ картонном переплете с коленкоровым корешком
700 1 _aГаусс
_bК. Ф. Г.
_f1829-1915
_gКарл Фридрих Густав
702 1 _aЧеботарев
_bА. С.
_gАлександр Степанович
_4340
_4212
801 0 _aRU
_bNLR
_gpsbo
801 1 _aRU
_bELAR
_2rusmarc
852 _aNLR
_j71/31
852 _aNLR
_j18.391.3.33
942 _cBOOK
980 _aNB